000 00377nam a22001457a 4500
020 _a81-239-0487-8
082 _a510
_bGOV/P
100 _aGOVOROV, DYBOV MIROSHIN, SMIRNOVA
245 _aPROBLEMS IN MATHEMATICS
_bWITH HINTS AND SOLUTIONS
250 _aREPRINT 2003
260 _aDELHI
_bCBS PUBLISHERS
_c2003
300 _a392
650 _aMATHS REFERENCE
_zINDIA
942 _cBK
999 _c1219
_d1219